Waitress Soundtrack - Statistics

General Stats
  • This quiz has been taken 144 times
  • The average score is 16 of 22
Answer Stats
Answer % Correct
2 Opening Up
92%
12 Bad Idea
91%
7 When He Sees Me
91%
19 She Used To Be Mine
89%
3 The Negative
88%
4 What Baking Can Do
83%
16 I Love You Like A Table
80%
14 Bad Idea (Reprise)
77%
8 It Only Takes A Taste
77%
13 I Didn't Plan It
76%
1 What's Inside
76%
11 Never Ever Getting Rid Of Me
75%
17 Take It From An Old Man
73%
5 Club Knocked Up
69%
10 A Soft Place To Land
68%
15 You Matter To Me
68%
20 Contraction Ballet
67%
21 Everything Changes
67%
9 You Will Still Be Mine
66%
18 Dear Baby
61%
6 Pomatter Pie
57%
22 Opening Up (Finale)
56%
No matching quizzes found
Score Distribution
Percent of People with Each Score
Percentile by Number Answered
Your Score History
You have not taken this quiz